[Event "GER-ch Schools U18 Girls"]
[Site "Germany"]
[Date "2010.05.08"]
[Round "5.3"]
[White "Haecker, Katrin"]
[Black "Woider, Stella"]
[Result "1-0"]
[WhiteElo "1615"]
[BlackElo "757"]
[PlyCount "49"]
[EventDate "2010.05.07"]
[EventType "team-swiss"]
[EventRounds "7"]
[EventCountry "GER"]
[SourceTitle "EXT 2011"]
[Source "ChessBase"]
[SourceDate "2010.11.26"]
[SourceVersion "1"]
[SourceVersionDate "2010.11.26"]
[SourceQuality "1"]
[WhiteTeam "Stuttgart SG (W)"]
[BlackTeam "Mainz Gymn (W)"]
[WhiteTeamCountry "GER"]
[BlackTeamCountry "GER"]

1. e4 e5 2. Nf3 Nc6 3. Bb5 Nge7 4. c3 a6 5. Ba4 d6 6. d4 Bd7 7. 0-0 g6 8. Re1 Bg7 9. Be3 0-0 10. Nbd2 d5 11. Bc2 dxe4 12. Nxe4 Nd5 13. Bg5 Qe8 14. dxe5 Nxe5 15. Nxe5 Qxe5 16. Nf6+ Bxf6 17. Rxe5 Bxe5 18. Qxd5 Bd6 19. Qd4 Rfe8 20. Bf6 Bc6 21. h4 Bf8 22. h5 gxh5 23. Qd2 Re6 24. Qg5+ Bg7 25. Qxg7# 1-0

[Event "BL 0910 (Women)"]
[Site "Germany"]
[Date "2009.11.07"]
[Round "1.6"]
[White "Haecker, Katrin"]
[Black "Vidonyak, Nellya"]
[Result "0-1"]
[WhiteElo "1615"]
[BlackElo "2175"]
[PlyCount "56"]
[EventDate "2009.11.07"]
[EventType "team-tourn"]
[EventRounds "11"]
[EventCountry "GER"]
[SourceTitle "CBM 133 Extra"]
[Source "ChessBase"]
[SourceDate "2010.01.05"]
[SourceVersion "1"]
[SourceVersionDate "2010.01.05"]
[SourceQuality "1"]
[WhiteTeam "Wolfbusch (W)"]
[BlackTeam "Karlsruhe 1853 (W)"]
[WhiteTeamCountry "GER"]
[BlackTeamCountry "GER"]

1. e4 c5 2. Nf3 e6 3. d4 cxd4 4. Nxd4 Nf6 5. Nc3 Nc6 6. Be3 Bb4 7. Bd3 d5 8. Nxc6 bxc6 9. Bd2 e5 10. 0-0 0-0 11. Qe1 d4 12. Ne2 Bxd2 13. Qxd2 c5 14. c3 Qa5 15. a3 Bb7 16. Qc2 Rfc8 17. b4 cxb4 18. axb4 Qb6 19. Qb2 dxc3 20. Qb1 Rc7 21. Ra3 Rac8 22. Qc2 a6 23. Rb3 Qd6 24. Ra1 Rd8 25. Rd1 Bxe4 26. Nc1 Bg6 27. Rxc3 Rxc3 28. Qxc3 e4 0-1

[Event "GER-ch U18 Girls"]
[Site "Willingen"]
[Date "2009.06.01"]
[Round "3"]
[White "Lorenz, Nicole"]
[Black "Haecker, Katrin"]
[Result "1-0"]
[WhiteElo "1842"]
[BlackElo "1604"]
[PlyCount "73"]
[EventDate "2009.05.30"]
[EventType "swiss"]
[EventRounds "9"]
[EventCountry "GER"]
[SourceTitle "CBM 130 Extra"]
[Source "ChessBase"]
[SourceDate "2009.07.02"]
[SourceVersion "2"]
[SourceVersionDate "2009.07.15"]
[SourceQuality "1"]

1. e4 e5 2. Bc4 Nf6 3. d3 c6 4. Nf3 d5 5. Bb3 Bd6 6. 0-0 dxe4 7. Ng5 0-0 8. Nxe4 Nxe4 9. dxe4 Na6 10. c3 Nc5 11. Bc2 Be6 12. Qe2 Qe7 13. Nd2 b5 14. Re1 Rfd8 15. Nf1 a5 16. Ne3 Qc7 17. Nf5 Bf8 18. Bg5 f6 19. Be3 Nb7 20. Qg4 Kh8 21. Qh4 Nd6 22. Nxd6 Bxd6 23. f3 Qe7 24. f4 exf4 25. e5 f5 26. Qxf4 Bc5 27. Kh1 Bxe3 28. Qxe3 Rd5 29. Bb3 Rd7 30. Bc2 Rad8 31. Re2 a4 32. h3 g6 33. Rae1 Bxa2 34. e6 Rd6 35. Qe5+ Qg7 36. e7 Qxe5 37. exd8Q+ 1-0

[Event "GER-ch U25 op"]
[Site "Willingen"]
[Date "2008.05.13"]
[Round "5"]
[White "Haecker, Katrin"]
[Black "Boemelburg, Raphael"]
[Result "0-1"]
[WhiteElo "1663"]
[BlackElo "1852"]
[PlyCount "38"]
[EventDate "2008.05.11"]
[EventType "swiss"]
[EventRounds "9"]
[EventCountry "GER"]
[SourceTitle "CBM 124 Extra"]
[Source "ChessBase"]
[SourceDate "2008.07.03"]
[SourceVersion "1"]
[SourceVersionDate "2008.07.03"]
[SourceQuality "1"]

1. e4 e6 2. d4 d5 3. Nc3 Bb4 4. exd5 exd5 5. Bd3 Nc6 6. Nge2 Nge7 7. 0-0 Bg4 8. f3 Bf5 9. Bxf5 Nxf5 10. Qd3 Qd7 11. Bf4 0-0-0 12. a3 Ba5 13. Na4 Nce7 14. Nec3 Bxc3 15. Qxc3 Ng6 16. Qa5 Nxf4 17. Qxa7 Ne2+ 18. Kf2 Qe7 19. Nc5 Qe3+ 0-1

[Event "GER-chT U16"]
[Site "Uelzen"]
[Date "2007.12.29"]
[Round "5.3"]
[White "Haecker, Katrin"]
[Black "Olyschlaeger, Richard"]
[Result "1-0"]
[WhiteElo "1463"]
[BlackElo "1884"]
[PlyCount "51"]
[EventDate "2007.12.27"]
[EventType "team-swiss"]
[EventRounds "7"]
[EventCountry "GER"]
[SourceTitle "EXT 2022"]
[Source "ChessBase"]
[SourceDate "2021.10.06"]
[SourceVersion "1"]
[SourceVersionDate "2021.10.06"]
[SourceQuality "1"]
[WhiteTeam "Stuttgart Wolfbusch U16"]
[BlackTeam "Brackweda U16"]
[WhiteTeamCountry "GER"]
[BlackTeamCountry "GER"]

1. e4 c6 2. d4 d5 3. Nc3 dxe4 4. Nxe4 Nf6 5. Nxf6+ gxf6 6. Nf3 Bg4 7. Be2 Qc7 8. Be3 Nd7 9. Qd2 0-0-0 10. 0-0-0 e6 11. Bf4 Bd6 12. Bxd6 Qxd6 13. Qe3 Kb8 14. Rd3 Rdg8 15. Rhd1 Bf5 16. Ra3 Rxg2 17. d5 Nb6 18. dxe6 Qxe6 19. Qf4+ Ka8 20. Nd4 Qe5 21. Qxf5 Qxf5 22. Nxf5 Rxf2 23. Rad3 Kb8 24. Bg4 h5 25. Rh3 Rf4 26. Ne3 1-0

[Event "GER-chT U16"]
[Site "Uelzen"]
[Date "2007.12.29"]
[Round "6.3"]
[White "Kirch, Florian"]
[Black "Haecker, Katrin"]
[Result "1-0"]
[WhiteElo "1976"]
[BlackElo "1463"]
[PlyCount "65"]
[EventDate "2007.12.27"]
[EventType "team-swiss"]
[EventRounds "7"]
[EventCountry "GER"]
[SourceTitle "EXT 2022"]
[Source "ChessBase"]
[SourceDate "2021.10.06"]
[SourceVersion "1"]
[SourceVersionDate "2021.10.06"]
[SourceQuality "1"]
[WhiteTeam "Grossenseebach U16"]
[BlackTeam "Stuttgart Wolfbusch U16"]
[WhiteTeamCountry "GER"]
[BlackTeamCountry "GER"]

1. d4 d5 2. c4 Nf6 3. Nc3 e6 4. cxd5 exd5 5. Bg5 Be7 6. e3 Bf5 7. Bxf6 Bxf6 8. Qb3 b6 9. Qxd5 Qxd5 10. Nxd5 Bd8 11. Rc1 c6 12. Nb4 Bd7 13. Nf3 Be7 14. Nd3 Bf5 15. Nfe5 Bxd3 16. Bxd3 0-0 17. Nxc6 Nxc6 18. Rxc6 Rfd8 19. Ke2 Rac8 20. Rhc1 Rxc6 21. Rxc6 Bd6 22. e4 f6 23. Ke3 Kf7 24. f4 g5 25. g3 h6 26. e5 gxf4+ 27. gxf4 fxe5 28. fxe5 Be7 29. Ke4 h5 30. Rc7 Ra8 31. d5 Ke8 32. d6 Bh4 33. Rh7 1-0

[Event "GER-chT U16"]
[Site "Uelzen"]
[Date "2007.12.28"]
[Round "3.3"]
[White "Haecker, Katrin"]
[Black "Rempeli, Alexander"]
[Result "0-1"]
[WhiteElo "1463"]
[BlackElo "1706"]
[PlyCount "120"]
[EventDate "2007.12.27"]
[EventType "team-swiss"]
[EventRounds "7"]
[EventCountry "GER"]
[SourceTitle "EXT 2022"]
[Source "ChessBase"]
[SourceDate "2021.10.06"]
[SourceVersion "1"]
[SourceVersionDate "2021.10.06"]
[SourceQuality "1"]
[WhiteTeam "Stuttgart Wolfbusch U16"]
[BlackTeam "Deizisau U16"]
[WhiteTeamCountry "GER"]
[BlackTeamCountry "GER"]

1. e4 e6 2. d4 d5 3. exd5 exd5 4. Nc3 Nf6 5. Bd3 Nc6 6. Nge2 Bd6 7. Bg5 Nb4 8. 0-0 Bxh2+ 9. Kh1 Bd6 10. a3 Nxd3 11. Qxd3 h6 12. Bh4 Be6 13. Qb5+ Bd7 14. Qxb7 Rb8 15. Qxa7 Bc6 16. Qa6 Rb6 17. Qd3 g5 18. Bg3 Ne4 19. Bxd6 Qxd6 20. Nxe4 dxe4 21. Qc3 Bb5 22. Rfe1 Qg6 23. Qxc7 0-0 24. Ng3 Rc6 25. Qe5 Ba6 26. Qxe4 Qxe4 27. Nxe4 Rxc2 28. b4 Bb7 29. f3 Rd8 30. Red1 f5 31. Nc5 Ba8 32. Rd3 Re8 33. a4 Ree2 34. Rg1 g4 35. d5 gxf3 36. Rxf3 Bxd5 37. Rg3+ Kf7 38. Nd3 Rc4 39. Rc1 Rxc1+ 40. Nxc1 Re1+ 41. Kh2 Rxc1 42. Rd3 Be4 43. Rd2 Ra1 44. Rb2 Rxa4 45. Kg3 Ra1 46. b5 Rb1 47. Rd2 Rxb5 48. Kf4 Rb4 49. g3 Ke6 50. Rh2 Bb1+ 51. Ke3 Ke5 52. Rxh6 Re4+ 53. Kf2 Bd3 54. Rh5 Re2+ 55. Kf3 Ra2 56. Rg5 Be2+ 57. Ke3 Bg4 58. Rg8 Rg2 59. Re8+ Kf6 60. Kf4 Rf2+ 0-1

[Event "GER-ch U25"]
[Site "Willingen"]
[Date "2007.05.31"]
[Round "8"]
[White "Haecker, Katrin"]
[Black "Graebner, Laurent"]
[Result "0-1"]
[WhiteElo "1551"]
[BlackElo "2037"]
[PlyCount "78"]
[EventDate "2007.05.26"]
[EventType "swiss"]
[EventRounds "9"]
[EventCountry "GER"]
[SourceTitle "CBM 118 Extra"]
[Source "ChessBase"]
[SourceDate "2007.07.04"]
[SourceVersion "1"]
[SourceVersionDate "2007.07.04"]
[SourceQuality "1"]

1. e4 c5 2. Nf3 g6 3. d4 cxd4 4. Nxd4 Nc6 5. Nc3 Bg7 6. Be3 Nf6 7. Bc4 0-0 8. 0-0 Nxe4 9. Nxe4 d5 10. Bb5 Nxd4 11. Bxd4 dxe4 12. Bxg7 Qxd1 13. Raxd1 Kxg7 14. Rfe1 Bf5 15. Bc4 Rad8 16. h3 h5 17. Bb3 Rxd1 18. Rxd1 Rc8 19. c3 Rc6 20. Re1 e6 21. Bc2 e3 22. Bxf5 exf2+ 23. Kxf2 gxf5 24. Rd1 Rc7 25. Rd4 e5 26. Ra4 a6 27. g3 Rd7 28. Ke3 Kg6 29. Ra5 f6 30. Ra4 e4 31. Rb4 Rd3+ 32. Kf2 b5 33. a4 bxa4 34. Rxa4 Rd2+ 35. Ke3 Rxb2 36. Rxa6 Rg2 37. Kf4 Rf2+ 38. Ke3 Rf3+ 39. Kd4 Rd3+ 0-1

[Event "GER-ch U25"]
[Site "Willingen"]
[Date "2007.05.29"]
[Round "5"]
[White "Thanabalasingam, Ajandhan"]
[Black "Haecker, Katrin"]
[Result "1-0"]
[WhiteElo "1649"]
[BlackElo "1551"]
[PlyCount "87"]
[EventDate "2007.05.26"]
[EventType "swiss"]
[EventRounds "9"]
[EventCountry "GER"]
[SourceTitle "CBM 118 Extra"]
[Source "ChessBase"]
[SourceDate "2007.07.04"]
[SourceVersion "1"]
[SourceVersionDate "2007.07.04"]
[SourceQuality "1"]

1. e4 e5 2. Nf3 Nc6 3. Bb5 a6 4. Ba4 Nf6 5. 0-0 Be7 6. Re1 d6 7. c3 0-0 8. h3 b5 9. Bb3 Bd7 10. d4 Re8 11. Nbd2 Nh5 12. Nxe5 dxe5 13. Qxh5 g6 14. Qf3 Rf8 15. Nf1 Bf6 16. Bh6 Bg7 17. Bxg7 Kxg7 18. Rad1 exd4 19. cxd4 Qe7 20. e5 Na5 21. Ne3 Nxb3 22. axb3 c6 23. d5 Qxe5 24. dxc6 Be6 25. Nc4 Qc7 26. Qc3+ Kg8 27. Nd6 Rfd8 28. Ne4 Kf8 29. Ng5 Rxd1 30. Nxh7+ Kg8 31. Nf6+ Kf8 32. Rxd1 Rc8 33. Nd7+ Kg8 34. Nf6+ Kf8 35. Nh7+ Kg8 36. Ng5 Bf5 37. Qf6 Rf8 38. g4 Bc8 39. Ne4 Be6 40. Qg5 Bxb3 41. Rd6 Bc2 42. Nf6+ Kg7 43. Qe5 Rc8 44. Ne8+ 1-0

[Event "GER-ch U25"]
[Site "Willingen"]
[Date "2007.05.28"]
[Round "4"]
[White "Haecker, Katrin"]
[Black "Usov, Andreas"]
[Result "1-0"]
[WhiteElo "1551"]
[BlackElo "1273"]
[PlyCount "57"]
[EventDate "2007.05.26"]
[EventType "swiss"]
[EventRounds "9"]
[EventCountry "GER"]
[SourceTitle "CBM 118 Extra"]
[Source "ChessBase"]
[SourceDate "2007.07.04"]
[SourceVersion "1"]
[SourceVersionDate "2007.07.04"]
[SourceQuality "1"]

1. e4 e5 2. Nf3 Nc6 3. Bb5 d6 4. 0-0 Bd7 5. c3 Nf6 6. Re1 a6 7. Ba4 Be7 8. d4 0-0 9. Nbd2 b5 10. Bb3 Bg4 11. d5 Na7 12. c4 Qd7 13. Nf1 h6 14. Qd3 c6 15. dxc6 Qxc6 16. Nh4 Nd7 17. Qg3 Bxh4 18. Qxg4 bxc4 19. Bxh6 Bf6 20. Rac1 Nb6 21. Ne3 Kh8 22. Bg5 Bxg5 23. Qxg5 g6 24. Nxc4 Nxc4 25. Bxc4 Qb6 26. Qh6+ Kg8 27. Qxg6+ Kh8 28. Bxf7 Qxb2 29. Qh6# 1-0

[Event "GER-ch U25"]
[Site "Willingen"]
[Date "2007.05.27"]
[Round "2"]
[White "Haecker, Katrin"]
[Black "Holle, Eric"]
[Result "0-1"]
[WhiteElo "1551"]
[BlackElo "1118"]
[PlyCount "120"]
[EventDate "2007.05.26"]
[EventType "swiss"]
[EventRounds "9"]
[EventCountry "GER"]
[SourceTitle "CBM 118 Extra"]
[Source "ChessBase"]
[SourceDate "2007.07.04"]
[SourceVersion "1"]
[SourceVersionDate "2007.07.04"]
[SourceQuality "1"]

1. e4 e5 2. Nf3 Nc6 3. Bb5 a6 4. Ba4 Bc5 5. 0-0 d6 6. h3 Nf6 7. Re1 0-0 8. c3 h6 9. d4 Bb6 10. Qd3 Bd7 11. Nbd2 exd4 12. cxd4 Nxd4 13. Nxd4 Bxa4 14. Nf5 Kh7 15. Qg3 Rg8 16. Nf3 g6 17. Nxh6 Nh5 18. Qg4 Bd7 19. Nf5 Kh8 20. Ng5 Qe8 21. Qh4 Bxf5 22. g4 Kg7 23. gxf5 Qe5 24. Nf3 Qg3+ 25. Qxg3 Nxg3 26. Kg2 Nh5 27. Bd2 Rae8 28. Re2 gxf5 29. e5 dxe5 30. Rxe5 Rxe5 31. Nxe5 Kf6+ 32. Kf3 Kxe5 33. Bc3+ Kd5 34. Re1 f6 35. Re7 Rg7 36. Bxf6 Rxe7 37. Bxe7 Ke5 38. Bb4 Bd4 39. b3 Nf4 40. h4 Nd3 41. Bd2 Nxf2 42. Bf4+ Kf6 43. Bxc7 Ng4 44. Bg3 Kg6 45. a4 Be5 46. Be1 Kh5 47. b4 Bf6 48. Kf4 Nh6 49. b5 axb5 50. axb5 Bxh4 51. Bc3 Bg5+ 52. Kf3 f4 53. Bd4 Nf5 54. Bc5 Nh4+ 55. Ke2 Kg4 56. Kf2 f3 57. Bd4 Nf5 58. Bc5 Bh4+ 59. Kf1 f2 60. Ke2 Ng3+ 0-1

[Event "GER-ch op U25"]
[Site "Willingen"]
[Date "2006.06.06"]
[Round "5"]
[White "Haecker, Katrin"]
[Black "Sancar, Kenan"]
[Result "0-1"]
[WhiteElo "1457"]
[BlackElo "1661"]
[PlyCount "60"]
[EventDate "2006.06.04"]
[EventType "swiss"]
[EventRounds "9"]
[EventCountry "GER"]
[SourceTitle "EXT 2007"]
[Source "ChessBase"]
[SourceDate "2006.11.23"]
[SourceVersion "1"]
[SourceVersionDate "2006.11.23"]
[SourceQuality "1"]

1. e4 d5 2. exd5 Qxd5 3. Nc3 Qd6 4. Nf3 Nf6 5. d4 a6 6. Bc4 b5 7. Bb3 Bb7 8. 0-0 e6 9. Re1 Be7 10. Ne5 Nbd7 11. Nxf7 Kxf7 12. Rxe6 Qxe6 13. Bxe6+ Kxe6 14. Qe2+ Kf7 15. Bf4 c5 16. dxc5 Bxc5 17. Rd1 Rhe8 18. Qd3 Rad8 19. h3 Bb6 20. Qf5 Nc5 21. Rxd8 Rxd8 22. Be3 Ncd7 23. Bxb6 Nxb6 24. Qc5 Nbd5 25. Nxd5 Nxd5 26. c4 bxc4 27. Qxc4 g6 28. Kf1 Ke6 29. Ke2 Ke5 30. Qh4 Nf4+ 0-1

[Event "GER-chT U14 Girls"]
[Site "Dittrichshuette"]
[Date "2005.12.28"]
[Round "4.3"]
[White "Strasser, Bernadette"]
[Black "Haecker, Katrin"]
[Result "0-1"]
[WhiteElo "820"]
[BlackElo "1435"]
[PlyCount "64"]
[EventDate "2005.12.27"]
[EventType "team-swiss"]
[EventRounds "6"]
[EventCountry "GER"]
[SourceTitle "CBM 110 Extra"]
[Source "ChessBase"]
[SourceDate "2006.03.10"]
[SourceVersion "2"]
[SourceVersionDate "2006.03.10"]
[SourceQuality "1"]
[WhiteTeam "Hoerden U14 Girls"]
[BlackTeam "Wolfbusch U14 Girls"]
[WhiteTeamCountry "GER"]
[BlackTeamCountry "GER"]

1. d4 d5 2. c4 e6 3. Nc3 Nf6 4. Bg5 Nbd7 5. e3 c6 6. Nf3 Qa5 7. Bd3 Bb4 8. Qd2 Ne4 9. Bxe4 dxe4 10. Nh4 Qxg5 11. g3 e5 12. d5 0-0 13. 0-0 Bxc3 14. Qxc3 Nf6 15. f4 exf3 16. Nxf3 Qh5 17. Nxe5 cxd5 18. cxd5 Nxd5 19. Qd4 Be6 20. e4 Nf6 21. Nd3 Ng4 22. h4 Rfd8 23. Qc3 Rac8 24. Qa3 Ne3 25. Rf2 Nc2 26. Rxc2 Rxc2 27. Rc1 Rxc1+ 28. Nxc1 Rd1+ 29. Kg2 Rxc1 30. Qd3 Qc5 31. a3 Qc2+ 32. Qxc2 Rxc2+ 0-1

[Event "NRW U18 op"]
[Site "Olpe"]
[Date "2005.10.04"]
[Round "7.23"]
[White "Haecker, Katrin"]
[Black "Sennholz, Michael"]
[Result "0-1"]
[WhiteElo "1316"]
[BlackElo "1666"]
[PlyCount "116"]
[EventDate "2005.10.01"]
[EventType "swiss"]
[EventRounds "7"]
[EventCountry "GER"]
[SourceTitle "CBM 108 Extra"]
[Source "ChessBase"]
[SourceDate "2005.11.04"]
[SourceVersion "1"]
[SourceVersionDate "2005.11.04"]
[SourceQuality "1"]

1. e4 e5 2. Nf3 Nf6 3. Nc3 Nc6 4. Bb5 Bb4 5. 0-0 d6 6. h3 Bd7 7. d3 Qe7 8. Bg5 Bxc3 9. bxc3 0-0-0 10. a4 h6 11. Bxf6 Qxf6 12. a5 g5 13. a6 b6 14. d4 g4 15. d5 gxf3 16. dxc6 Bxh3 17. Qxf3 Qxf3 18. gxf3 Rhg8+ 19. Kh2 Bxf1 20. Rxf1 Rg5 21. Rg1 Rdg8 22. Rxg5 Rxg5 23. Bc4 Rh5+ 24. Kg2 Rg5+ 25. Kh2 f6 26. Be6+ Kd8 27. Bf5 Ke7 28. c4 Kf7 29. Kh1 Kg7 30. Kh2 h5 31. Kh1 Kh6 32. Kh2 Rxf5 33. exf5 Kg5 34. Kg3 Kxf5 35. Kh4 Kg6 36. Kh3 Kg5 37. c3 Kf4 38. Kh4 Kxf3 39. Kxh5 Kxf2 40. Kg6 e4 41. Kxf6 e3 42. Ke7 e2 43. Kd7 e1Q 44. Kxc7 Qe7+ 45. Kb8 Qd8+ 46. Kb7 d5 47. c7 Qd7 48. Kb8 Qd6 49. cxd5 Ke3 50. c4 Kd4 51. Kb7 Qd7 52. d6 Kc5 53. Kb8 Qxd6 54. Kb7 Qd7 55. Kb8 b5 56. c8Q+ Qxc8+ 57. Kxc8 bxc4 58. Kb7 c3 0-1

[Event "GER-ch U14 Girls"]
[Site "Willingen"]
[Date "2005.05.19"]
[Round "8"]
[White "Herbold, Nora Marina"]
[Black "Haecker, Katrin"]
[Result "1/2-1/2"]
[WhiteElo "1484"]
[BlackElo "1388"]
[PlyCount "92"]
[EventDate "2005.05.14"]
[EventType "swiss"]
[EventRounds "9"]
[EventCountry "GER"]
[SourceTitle "CBM 106 Extra"]
[Source "ChessBase"]
[SourceDate "2005.07.01"]
[SourceVersion "1"]
[SourceVersionDate "2005.07.01"]
[SourceQuality "1"]

1. e4 d5 2. exd5 Qxd5 3. Nc3 Qa5 4. d4 c6 5. Nf3 Bg4 6. h3 Bh5 7. Bd3 e6 8. Bc4 Bb4 9. Bd2 Nf6 10. a3 Bxc3 11. Bxc3 Qc7 12. Qd3 0-0 13. 0-0 Nbd7 14. Rae1 Rfe8 15. Ne5 Nxe5 16. dxe5 Bg6 17. Qe2 Ne4 18. Qe3 Nxc3 19. Qxc3 Rad8 20. f4 Qb6+ 21. Kh2 Qd4 22. Qb3 b5 23. Be2 Qd5 24. c4 bxc4 25. Bxc4 Qd4 26. Be2 Rb8 27. Rd1 Rxb3 28. Rxd4 Rxb2 29. Bf3 Rc8 30. Ra4 Rc7 31. Rd1 Kf8 32. Rd6 c5 33. Rda6 c4 34. Rb4 Rxb4 35. axb4 c3 36. Ra1 c2 37. Rc1 Rc4 38. g4 Rxb4 39. f5 exf5 40. Rxc2 fxg4 41. Rc8+ Ke7 42. Bxg4 a5 43. Rc7+ Kd8 44. Rc8+ Ke7 45. Rc7+ Kd8 46. Rc8+ Ke7 1/2-1/2

[Event "GER-ch U14 Girls"]
[Site "Willingen"]
[Date "2005.05.17"]
[Round "5"]
[White "Stein, Simone"]
[Black "Haecker, Katrin"]
[Result "1-0"]
[WhiteElo "1136"]
[BlackElo "1388"]
[PlyCount "91"]
[EventDate "2005.05.14"]
[EventType "swiss"]
[EventRounds "9"]
[EventCountry "GER"]
[SourceTitle "CBM 106 Extra"]
[Source "ChessBase"]
[SourceDate "2005.07.01"]
[SourceVersion "1"]
[SourceVersionDate "2005.07.01"]
[SourceQuality "1"]

1. e4 e5 2. Nf3 Nc6 3. Nc3 Nf6 4. Bc4 Nxe4 5. Bxf7+ Kxf7 6. Nxe4 d5 7. Neg5+ Kg8 8. d3 h6 9. Nh3 Kh7 10. d4 e4 11. Ne5 Nxe5 12. dxe5 Bc5 13. 0-0 c6 14. Qh5 Bxh3 15. Qxh3 Qc8 16. Qxc8 Raxc8 17. g3 Rhe8 18. Bf4 g5 19. Be3 Rxe5 20. Bxc5 b6 21. Be3 c5 22. c3 Rd8 23. Rad1 Kg6 24. f4 exf3 25. Rxf3 g4 26. Bf4 gxf3 27. Bxe5 Kf5 28. Bf4 h5 29. Kf2 Kg4 30. Rd3 d4 31. cxd4 cxd4 32. Be5 Kf5 33. Rxd4 Rc8 34. Bf4 Re8 35. Kxf3 Re1 36. Rd7 Rb1 37. b3 Rb2 38. Rd2 Rb1 39. h4 Rf1+ 40. Ke2 Rh1 41. Kf2 Rh2+ 42. Kg1 Rxd2 43. Bxd2 Kg4 44. Kf2 a6 45. Bf4 b5 46. Ke3 1-0

[Event "GER-ch U14 Girls"]
[Site "Willingen"]
[Date "2005.05.15"]
[Round "3"]
[White "Penne, Bo"]
[Black "Haecker, Katrin"]
[Result "1-0"]
[WhiteElo "1459"]
[BlackElo "1388"]
[PlyCount "117"]
[EventDate "2005.05.14"]
[EventType "swiss"]
[EventRounds "9"]
[EventCountry "GER"]
[SourceTitle "CBM 106 Extra"]
[Source "ChessBase"]
[SourceDate "2005.07.01"]
[SourceVersion "1"]
[SourceVersionDate "2005.07.01"]
[SourceQuality "1"]

1. e4 e5 2. Nf3 Nc6 3. Nc3 Bb4 4. Nd5 Bc5 5. Nxe5 Bxf2+ 6. Kxf2 Nxe5 7. d4 Ng6 8. Bc4 c6 9. Nf4 Nf6 10. Re1 0-0 11. Kg1 Nxf4 12. Bxf4 Nxe4 13. Rxe4 d5 14. Bxd5 cxd5 15. Re3 Bf5 16. c3 Rc8 17. Qe2 Re8 18. Re1 Re6 19. Qb5 Rxe3 20. Rxe3 Qd7 21. Qb4 Re8 22. Qxb7 Rxe3 23. Qxd7 Bxd7 24. Bxe3 Kf8 25. b3 Ke7 26. Kf2 Ke6 27. c4 h6 28. h3 g5 29. g4 Bc6 30. Kg3 f5 31. gxf5+ Kxf5 32. h4 gxh4+ 33. Kxh4 Ke4 34. Bf2 Kf3 35. Bg3 Ke4 36. Be5 Kd3 37. cxd5 Bxd5 38. Kg4 Kc2 39. Bb8 a6 40. Kf4 Kb2 41. Ke5 Bg8 42. Kd6 Kxa2 43. b4 Ka3 44. Kc5 Ka4 45. Bc7 h5 46. Bb6 h4 47. Ba5 h3 48. Bc7 h2 49. Bxh2 Be6 50. Bc7 Bd7 51. d5 Bb5 52. Ba5 Bd3 53. d6 Bb5 54. Kb6 Ka3 55. Kc7 Ka4 56. d7 Bxd7 57. Kxd7 Kb5 58. Kc7 Ka4 59. Kb6 1-0